Land art

保存先:
書誌詳細
主要な著者: Lailach, Michael (著者), Grosenick, Uta (著者)
フォーマット: 図書
言語:スペイン語
出版事項: Colonia Taschen 2007
主題:
タグ: タグ追加
タグなし, このレコードへの初めてのタグを付けませんか!

MARC

LEADER 00000nam a2200000 a 4500
001 UCG7184
003 CL-VaPUC
008 110624e20070000GW |||||||||||||||||spa|d
020 |a 9783822856154 
082 0 4 |a 700  |b LAI  |2 21 
100 0 |a Lailach, Michael  |e author  |9 557809 
700 |a Grosenick, Uta  |e author  |9 561221 
245 1 0 |a Land art 
300 |a 95 p 
942 |c BK 
945 |d 20110624 00:00:00  |a dcastane 
260 |a Colonia  |b Taschen  |c 2007 
650 0 |a Arte  |9 265238 
650 7 |a LAND ART  |2 CL-VaPUC  |9 557811 
650 0 |a Arte contemporáneo  |9 338008 
650 0 |a Escultura  |9 265737 
650 0 |a Arquitectura  |9 804558 
583 |a last modification  |c 20110624 00:00:00  |k Rodrigo Vera 
999 |c 345248  |d 345246 
952 |0 0  |1 0  |4 0  |6 700_000000000000000_LAI_2007  |7 0  |8 C  |9 443730  |a BIBCUR  |b BIBCUR  |d 2019-11-22  |i 4785886  |o 700 LAI 2007  |p 4785886  |r 2025-04-22  |w 2019-11-22  |y BK  |k CAC